| 000 | 00931nam0a22002651 4500 | ||
|---|---|---|---|
| 001 | rc\2710942 | ||
| 005 | 20260407100852.0 | ||
| 035 | _a(NLR Aleph) 006838874 | ||
| 090 |
_a6624088 _c6624088 |
||
| 100 | _a20110915d1934 |||y0rusy50 ca | ||
| 101 | 0 | _arus | |
| 102 | _aRU | ||
| 105 | _ae z ||||| | ||
| 200 | 1 | _aКонституции СССР и РСФСР | |
| 210 |
_a[Ленинград] _cЛеноблиздат _d1934 _gтип. им. Володарского |
||
| 215 |
_aПереплет, 127 с. _d12х9 см. |
||
| 740 | 1 |
_aСССР _tКонституция _f1924 _3RU\NLR\AUTH\8810055174 _9610903 |
|
| 741 | 1 |
_aРСФСР _c1917-1922 _tКонституция _f1918 _3RU\NLR\AUTH\8810043485 _9586484 |
|
| 741 | 1 |
_aРСФСР _tКонституция _f1925 _3RU\NLR\AUTH\8810051750 _9603827 |
|
| 801 | 0 |
_aRU _bNLR _gpsbo |
|
| 801 | 1 |
_aRU _bELAR _2rusmarc |
|
| 852 |
_aNLR _j34-1/240 |
||
| 942 | _cBOOK | ||
| 980 | _aNB | ||